Atlas en color de medicina legal / (Registro nro. 588)

Detalles MARC
000 -LEADER
fixed length control field 01251cam a2200385 a 4500
005 - FECHA ULTIMA MODIFICACION
control field 20240610085204.0
008 - CAMPO DE CONTROL (LIBRO)
fixed length control field 100809s1997||||sp a | |||| 00| 0 spa d
020 ## - INTERNATIONAL STANDARD BOOK NUMBER
ISBN 8445804316
041 ## - CODIGO DE IDIOMA
Código de idioma del texto/pista de sonido o título separado spa
092 ## - SIGNATURA TOPOGRAFICA DEWEY LOCAL
número de clasificación 614.1
libristica 77
sección SCH
100 1# - ENTRADA PRINCIPAL--NOMBRE PERSONAL
Nombre personal Schneider, Volkmar.
9 (RLIN) 877
245 ## - TITULO PROPIAMENTE DICHO
Título Atlas en color de medicina legal /
Mención de responsabilidad y remanente de la transcripción de la portada Volkmar Schneider
250 ## - MENCION DE EDICION
Mención de edición 1a ed.
Mención de responsabilidad relacionada con la ed. Traducción Alejandro Reyes Martín.
260 ## - PIE DE IMPRENTA
Lugar de publicación, distribución, etc Barcelona:
Nombre de la editorial, distribuidor, etc Masson;
Fecha de publicación 1991.
300 ## - DESCRIPCION FISICA
Extension 182 p.
Otros detalles físicos il.
500 ## - NOTA GENERAL
Nota general Schneider, V. y Dietz, W. (Col.). (1991). Atlas en color de medicina legal.(1a ed.) Barcelona : Masson.
653 ## - TÉRMINO INDIZADO - PALABRAS CLAVES
Palabra clave Lugar de hallazgo del cadáver
653 ## - TÉRMINO INDIZADO - PALABRAS CLAVES
Palabra clave Patología forense
653 ## - TÉRMINO INDIZADO - PALABRAS CLAVES
Palabra clave Aparición de cadáveres
653 ## - TÉRMINO INDIZADO - PALABRAS CLAVES
Palabra clave Muerte por causas naturales
653 ## - TÉRMINO INDIZADO - PALABRAS CLAVES
Palabra clave Violencia contusa
653 ## - TÉRMINO INDIZADO - PALABRAS CLAVES
Palabra clave Traumatismos craneoencefálicos
653 ## - TÉRMINO INDIZADO - PALABRAS CLAVES
Palabra clave Lesiones por arma blanca
653 ## - TÉRMINO INDIZADO - PALABRAS CLAVES
Palabra clave Asfixias mecánicas
653 ## - TÉRMINO INDIZADO - PALABRAS CLAVES
Palabra clave Ahogamiento
653 ## - TÉRMINO INDIZADO - PALABRAS CLAVES
Palabra clave Muerte por electricidad
653 ## - TÉRMINO INDIZADO - PALABRAS CLAVES
Palabra clave Disparo
653 ## - TÉRMINO INDIZADO - PALABRAS CLAVES
Palabra clave Efectos térmicos
653 ## - TÉRMINO INDIZADO - PALABRAS CLAVES
Palabra clave Descuartizamiento cadavérico
653 ## - TÉRMINO INDIZADO - PALABRAS CLAVES
Palabra clave Lesiones por animales
653 ## - TÉRMINO INDIZADO - PALABRAS CLAVES
Palabra clave Intoxicaciones
700 1# - ENTRADAS SECUNDARIAS - NOMBRE PERSONAL
Nombre personal Dietz, Wolfgag,
Función Fotógrafo científico
9 (RLIN) 878
930 ## - NUMERO DE INVENTARIO
Número de inventario 1057
942 ## - ADDED ENTRY ELEMENTS (KOHA)
Source of classification or shelving scheme Dewey Decimal Classification
Item type Libros
Existencias
Estado de retiro Existencia Fuente de clasificación Estado general No para prestamo Colección Ubicación permanente ubicación actual Sala de ubicación Fecha de adquisición Total Checkouts Número de clasificación Código de barras Date last seen Date last borrowed Número de ejemplar Price effective from Koha tipo de elemento (item) Public note
    Dewey Decimal Classification     Reference Biblioteca Medicina Biblioteca Medicina Referencia 13/05/2011 1 614.1 77 SCH 1057 12/08/2016 07/07/2016 ej.1 13/05/2011 Reference LIBRO DE CONSULTA

UNIVERSIDAD NACIONAL DEL COMAHUE
Biblioteca de la Facultad de Ciencias Médicas
Sede Toschi: Los Arrayanes y Av. Toschi, Cipolletti  - Rio Negro
Sede Los Tordos:  Yrigoyen al 2211, Cipolletti - Rio Negro 

Teléfono: 0299 - 4774707 int 25
Contacto: biblioteca@facimed.uncoma.edu.ar
© 2011 - 2026